Countries whose Flag has Black color - Statistics

General Stats
  • This quiz has been taken 19 times
  • The average score is 23 of 36
Answer Stats
Answer % Correct
Germany
94%
Belgium
88%
Egypt
88%
South Africa
88%
Afghanistan
81%
Angola
81%
Syria
81%
Trinidad and Tobago
81%
Estonia
75%
Iraq
75%
Sudan
75%
Uganda
75%
Jordan
69%
Kenya
69%
Libya
69%
United Arab Emirates
69%
Yemen
69%
Albania
63%
Botswana
63%
Malawi
63%
Papua New Guinea
63%
South Sudan
63%
Antigua and Barbuda
56%
Ghana
56%
Bahamas
50%
Jamaica
50%
Kuwait
50%
Saint Kitts and Nevis
50%
Tanzania
50%
Dominica
44%
Guyana
44%
St Lucia
44%
Sao Tome and Principe
38%
South Korea
38%
Brunei
31%
Guinea Bissau
25%
No matching quizzes found
Score Distribution
Percent of People with Each Score
Percentile by Number Answered
Your Score History
You have not taken this quiz